Ballon d'Or: Brazilian players ranked since 1995 - Statistics

General Stats
  • This quiz has been taken 1,305 times
    1,278 since last reset
  • The average score is 54 of 69
Answer Stats
Year Rank Player Club % Correct
1995 26th Ronaldo PSV Eindhoven
99%
1996 2nd Ronaldo PSV Eindhoven / Barcelona
99%
1997 1st Ronaldo Barcelona / Inter Milan
99%
1998 3rd Ronaldo Inter Milan
99%
23rd Ronaldo Inter Milan
99%
2002 1st Ronaldo Inter Milan / Real Madrid
99%
11th Ronaldo Real Madrid
99%
2011 10th Neymar Santos
98%
2012 13th Neymar Santos
98%
2013 5th Neymar Santos / Barcelona
98%
2014 7th Neymar Barcelona
98%
2015 3rd Neymar Barcelona
98%
2016 5th Neymar Barcelona
98%
2017 3rd Neymar Barcelona / Paris Saint-Germain
98%
2018 12th Neymar Paris Saint-Germain
98%
12th Ronaldinho Paris Saint-Germain
97%
22nd Ronaldinho Paris Saint-Germain / Barcelona
97%
2004 3rd Ronaldinho Barcelona
97%
2005 1st Ronaldinho Barcelona
97%
2006 4th Ronaldinho Barcelona
97%
12th Ronaldinho Barcelona
97%
15th Kaka AC Milan
94%
9th Kaka AC Milan
94%
11th Kaka AC Milan
94%
2007 1st Kaka AC Milan
94%
2008 8th Kaka AC Milan
94%
2009 6th Kaka AC Milan / Real Madrid
94%
33rd Rivaldo Deportivo La Coruna / Barcelona
90%
5th Rivaldo Barcelona
90%
1999 1st Rivaldo Barcelona
90%
2000 5th Rivaldo Barcelona
90%
2001 7th Rivaldo Barcelona
90%
8th Rivaldo Barcelona / AC Milan
90%
5th Roberto Carlos Real Madrid
87%
13th Roberto Carlos Real Madrid
87%
26th Roberto Carlos Real Madrid
87%
14th Roberto Carlos Real Madrid
87%
18th Roberto Carlos Real Madrid
87%
2nd Roberto Carlos Real Madrid
87%
2003 8th Roberto Carlos Real Madrid
87%
16th Marcelo Real Madrid
79%
22nd Marcelo Real Madrid
79%
19th Roberto Firmino Liverpool
78%
21st Julio César Inter Milan (GK)
74%
19th Julio César Inter Milan (GK)
74%
21st Thiago Silva Paris Saint-Germain
72%
15th Dani Alves Sevilla
70%
22nd Dani Alves Barcelona
70%
19th Dani Alves Barcelona
70%
15th Cafu AS Roma
68%
25th Alisson Becker AS Roma / Liverpool (GK)
66%
12th Juninho Pernambucano Olympique Lyonnais
63%
20th Juninho Pernambucano Olympique Lyonnais
63%
25th Juninho Paulista Middlesborough / Atlético Madrid
62%
13th Dida AC Milan
60%
6th Adriano Parma / Inter Milan
58%
7th Adriano Inter Milan
58%
29th Philippe Coutinho Liverpool (ranked but no vote)
58%
19th Lucio Bayer Leverkusen
55%
9th Robinho Real Madrid
55%
24th Douglas Maicon Inter Milan
51%
2010 17th Douglas Maicon Inter Milan
51%
27th Rogerio Ceni Sao Paulo (GK)
37%
25th Diego Werder Bremen / Juventus
32%
18th Giovane Elber Bayern Munich
26%
16th Luis Fabiano Sevilla
26%
16th Mario Jardel Porto
22%
18th Mario Jardel Porto / Galatasaray
22%
29th Rai Paris Saint-Germain
21%
No matching quizzes found
Score Distribution
Percent of People with Each Score
Percentile by Number Answered
Your Score History
You have not taken this quiz since the last reset